| 000 | 01001cam a22002775i 4500 | ||
|---|---|---|---|
| 999 |
_c588 _d588 |
||
| 001 | 17521509 | ||
| 003 | GZU | ||
| 005 | 20200908100714.0 | ||
| 008 | 121107s2012 rh b 000 0 eng | ||
| 010 | _a 2012314497 | ||
| 020 | _a9781779222039 | ||
| 040 |
_aDLC _beng _cDLC _erda |
||
| 042 |
_alcode _apcc |
||
| 043 | _af-rh--- | ||
| 050 |
_a HC 910 _b PRO 2012 |
||
| 245 | 0 | 0 |
_aPro-poor and inclusive development in Zimbabwe : _bbeyond the enclave. |
| 260 |
_aHarare : _bWeaver Press in association with ANSA (Alternatives to Neo-Liberalism in Southern Africa, LEDRIZ (Labour & Economic Development Research Institute, Zimbabwe and the ZCTU (Zimbabwe Congress of Trade Unions), _c2012. |
||
| 300 |
_axiv, 232 pages ; _c24 cm |
||
| 336 |
_atext _2rdacontent |
||
| 337 |
_aunmediated _2rdamedia |
||
| 338 |
_avolume _2rdacarrier |
||
| 504 | _aIncludes bibliographical references. | ||
| 906 |
_a0 _bibc _corigode _d3 _encip _f20 _gy-gencatlg |
||
| 942 |
_2lcc _cBK _h910 _iPRO _kHC |
||